Prácticas de materiales opticos
Salvato in:
| Autore principale: | |
|---|---|
| Natura: | Libro |
| Lingua: | spagnolo |
| Pubblicazione: |
Barcelona
Universitat Politècnia de Catalunya
1998
|
| Edizione: | 2a. ed |
| Soggetti: | |
| Tags: |
Aggiungi Tag
Nessun Tag, puoi essere il primo ad aggiungerne!!
|
MARC
| LEADER | 00000nam a2200000 a 4500 | ||
|---|---|---|---|
| 001 | UCO1752 | ||
| 003 | CL-VaPUC | ||
| 008 | 000519e19980000SP |||||||||||||||||spa|d | ||
| 082 | 0 | 4 | |a 666.1 |b NAV |2 21 |
| 100 | |a Navarro Sentanyes, Antonio |e autor |9 453237 | ||
| 245 | 1 | 0 | |a Prácticas de materiales opticos |
| 250 | |a 2a. ed | ||
| 300 | |a 153 p | ||
| 942 | |c BK | ||
| 945 | |d 20000519 00:00:00 |a vberengu | ||
| 260 | |a Barcelona |b Universitat Politècnia de Catalunya |c 1998 | ||
| 650 | 0 | |a Instrumentos ópticos |9 314799 | |
| 650 | 0 | |a Vidrio |9 262883 | |
| 583 | |a last modification |c 20000519 00:00:00 |k Rodrigo Vera | ||
| 999 | |c 288349 |d 288347 | ||
| 952 | |0 0 |1 0 |4 0 |6 666_100000000000000_NAV_1998 |7 0 |8 A |9 335968 |a BIBCUR |b BIBCUR |d 2019-11-20 |i 3621782 |o 666.1 NAV 1998 |p 3621782 |r 2025-04-22 |w 2019-11-20 |y BK |k TEM | ||